Doctor Who Characters - Statistics

General Stats
  • This quiz has been taken 30 times
  • The average score is 9 of 9
Answer Stats
Hint Answer % Correct
Companion in season 5 Amy Pond
100%
Second name of the above River Song
100%
Husband of the above Rory Pond
100%
Companion in the majority of Season 7 Clara Oswald
96%
Companion in season 2 Rose Tyler
96%
Companion in season 4 Donna Noble
92%
Companion in season 3 Martha Jones
92%
Child of the above Melody Pond
92%
Main character Doctor who
88%
No matching quizzes found
Score Distribution
Percent of People with Each Score
Percentile by Number Answered
Your Score History
You have not taken this quiz